Southville International School and Colleges
Your cart is empty.
  • Cart
  • Lists
    Public lists list_1 View all
    Your lists Log in to create your own lists
  • Log in to your account
  • Your cookies
  • Search history
Southville International School and Colleges
  • Advanced search
  • Recent comments
  • Most popular
  • Libraries

Log in to your account

Log in with GOOGLE


If you do not have an external account, but do have a local account, you can still log in:

  1. Home
  2. MARC view: TV habits and preferences of selected grade 5 & 6 students of Saint Francis Assisi College System /
Normal view MARC view ISBD view

TV habits and preferences of selected grade 5 & 6 students of Saint Francis Assisi College System / (Record no. 96581)

[ view plain ]
MARC details
000 -LEADER
fixed length control field 00792nam a2200205 a 4500
003 - CONTROL NUMBER IDENTIFIER
control field 0
005 - DATE AND TIME OF LATEST TRANSACTION
control field 20250513143820.0
008 - FIXED-LENGTH DATA ELEMENTS--GENERAL INFORMATION
fixed length control field 021107s19uu xx 00 eng d
050 ## - LIBRARY OF CONGRESS CALL NUMBER
Classification number PGS HQ 784.T4
Item number .F961 2002
100 ## - MAIN ENTRY--PERSONAL NAME
Personal name Fujita, Yukisato L.
245 ## - TITLE STATEMENT
Title TV habits and preferences of selected grade 5 & 6 students of Saint Francis Assisi College System /
Statement of responsibility, etc Yukisato L. Fujita.
260 ## - PUBLICATION, DISTRIBUTION, ETC. (IMPRINT)
Place of publication, distribution, etc Las Piñas City, Philippines :
Name of publisher, distributor, etc Southville International School and Colleges,
Date of publication, distribution, etc 2002.
300 ## - PHYSICAL DESCRIPTION
Extent 43 pages :
Other physical details illustrations ;
Dimensions 28 cm.
504 ## - BIBLIOGRAPHY, ETC. NOTE
Bibliography, etc Includes bibliographical references.
650 ## - SUBJECT ADDED ENTRY--TOPICAL TERM
Topical term or geographic name as entry element Television and children.
650 ## - SUBJECT ADDED ENTRY--TOPICAL TERM
Topical term or geographic name as entry element Television
Form subdivision Viewers
-- Psychology.
650 ## - SUBJECT ADDED ENTRY--TOPICAL TERM
Topical term or geographic name as entry element Television programs
Form subdivision Audience preferences.
650 ## - SUBJECT ADDED ENTRY--TOPICAL TERM
Topical term or geographic name as entry element Children
Form subdivision Conduct of life.
942 ## - ADDED ENTRY ELEMENTS (KOHA)
Source of classification or shelving scheme Library of Congress Classification
Koha item type PASS
Holdings
Withdrawn status Lost status Source of classification or shelving scheme Damaged status Home library Current library Shelving location Date acquired Source of acquisition Total Checkouts Full call number Barcode Date last seen Price effective from Koha item type
    Library of Congress Classification   Luxembourg Library Luxembourg Library Portfolio Assessment of SISC Students Section 11/07/2002 Donation   PGS HQ 784.T4 .F961 2002 P0556 04/08/2014 04/08/2014 PASS

TV habits and preferences of selected grade 5 & 6 students of Saint Francis Assisi College System /

APA

Fujita Y. L., . (2002). TV habits and preferences of selected grade 5 & 6 students of Saint Francis Assisi College System. Las Piñas City, Philippines: Southville International School and Colleges.

Chicago

Fujita Yukisato L, . 2002. TV habits and preferences of selected grade 5 & 6 students of Saint Francis Assisi College System. Las Piñas City, Philippines: Southville International School and Colleges.

Harvard

Fujita Y. L., . (2002). TV habits and preferences of selected grade 5 & 6 students of Saint Francis Assisi College System. Las Piñas City, Philippines: Southville International School and Colleges.

MLA

Fujita Yukisato L, . TV habits and preferences of selected grade 5 & 6 students of Saint Francis Assisi College System. Las Piñas City, Philippines: Southville International School and Colleges. 2002.

  • Print
  • Cite
  • Add to your cart (remove)
  • Save record
    BIBTEX Dublin Core MARCXML MARC (non-Unicode/MARC-8) MARC (Unicode/UTF-8) MARC (Unicode/UTF-8, Standard) MODS (XML) RIS
  • More searches
    Search for this title in:
    Other Libraries (WorldCat) Other Databases (Google Scholar) Online Stores (Bookfinder.com) Open Library (openlibrary.org)

Exporting to Dublin Core...

SOUTHVILLE LIBRARY

Southville International School and Colleges Library

1281 Tropical Ave. Cor. Luxembourg St., BF Homes International, Las Pinas City

Tel. No. 8256374 / 252358 Loc. 117/146

Powered by Koha